00570nam a22002177a 4500003000500000005001700005008004100022010001000063011001000073035001000083040000900093082002100102110000800123245007500131260002300206300002300229490002900252650002100281650002100302830002900323CHAP20220817042847.0971013s1985 r 00010 d a58003 a58975 a63132 cCHAP a630.83bF3Y v.64 aFAO aEstudio sobre el consumo mundial de fibras para prendas de vestir 1985 aRoma :bFAO,c1985 a173 p.b: gráfs. aFAO. Estadísticav; 6414aFibras textiles.14aFibrasxConsumo.0 aFAO. Estadísticav; 64